<La> Tradición Gauchesca en el hombre de la esquina rosada

Poézia "gautcha" v argentínskej literatúre.

Na minha lista:
Detalhes bibliográficos
Autor principal: Tužinská, Sofia, 1973-
Formato: Capítulo de Livro
Idioma:espanhol
Assuntos:
Tags: Adicionar Tag
Sem tags, seja o primeiro a adicionar uma tag!

MARC

LEADER 00000naa a2200000 4500
001 0223817
005 20240502073650.2
041 0 |a spa 
044 |a SK 
245 1 0 |a <La> Tradición Gauchesca en el hombre de la esquina rosada  |c Sofia Tužinská 
520 |a Poézia "gautcha" v argentínskej literatúre. 
610 2 0 |a jazyky cudzie 
610 2 0 |a Argentína 
610 2 0 |a španielčina 
610 2 0 |a literatúra 
100 1 |a Tužinská, Sofia, 1973-